<?xml version="1.0" encoding="UTF-8"?>
<record
    xmlns:xsi="http://www.w3.org/2001/XMLSchema-instance"
    xsi:schemaLocation="http://www.loc.gov/MARC21/slim http://www.loc.gov/standards/marcxml/schema/MARC21slim.xsd"
    xmlns="http://www.loc.gov/MARC21/slim">

  <leader>02077nam a2200253Ia 4500</leader>
  <controlfield tag="003">OSt</controlfield>
  <controlfield tag="005">20210819165728.0</controlfield>
  <controlfield tag="008">210310s2014    sp ad  gr     000 0 spa d</controlfield>
  <datafield tag="020" ind1=" " ind2=" ">
    <subfield code="a">9788492954728</subfield>
  </datafield>
  <datafield tag="040" ind1=" " ind2=" ">
    <subfield code="a">CO-JMCR</subfield>
    <subfield code="c">CO-JMCR</subfield>
  </datafield>
  <datafield tag="041" ind1="0" ind2=" ">
    <subfield code="a">spa</subfield>
  </datafield>
  <datafield tag="082" ind1="0" ind2="4">
    <subfield code="a">658.15 /</subfield>
    <subfield code="b">T874e</subfield>
    <subfield code="2">23</subfield>
  </datafield>
  <datafield tag="100" ind1="1" ind2=" ">
    <subfield code="a">Truyols Mateu, Sebastian, </subfield>
    <subfield code="e">autor</subfield>
    <subfield code="9">27727</subfield>
  </datafield>
  <datafield tag="245" ind1="1" ind2="0">
    <subfield code="a">Estudios econ&#xF3;micos y financieros de la edificaci&#xF3;n : </subfield>
    <subfield code="b">teor&#xED;a y practica / </subfield>
    <subfield code="c">Sebasti&#xE1;n Truyols Mateu</subfield>
  </datafield>
  <datafield tag="250" ind1=" " ind2=" ">
    <subfield code="a">Segunda edici&#xF3;n</subfield>
  </datafield>
  <datafield tag="260" ind1=" " ind2=" ">
    <subfield code="a">Madrid, Espa&#xF1;a : </subfield>
    <subfield code="b">Delta, </subfield>
    <subfield code="c">2014.</subfield>
  </datafield>
  <datafield tag="300" ind1=" " ind2=" ">
    <subfield code="a">409 p&#xE1;ginas : </subfield>
    <subfield code="b">ilustraciones y gr&#xE1;ficas en blanco y negro ; </subfield>
    <subfield code="c">24 cm</subfield>
  </datafield>
  <datafield tag="505" ind1="0" ind2=" ">
    <subfield code="a">Conceptos b&#xE1;sicos econ&#xF3;micos. -- La empresa y tipos de sociedades. -- El profesional aut&#xF3;nomo. -- La inversi&#xF3;n: tipos y m&#xE9;todos. -- La amortizaci&#xF3;n: tipos m&#xE9;todos. -- La cuenta de resultados y los principios b&#xE1;sicos de contabilidad. </subfield>
  </datafield>
  <datafield tag="520" ind1="0" ind2=" ">
    <subfield code="a">El Ingeniero de Edificaci&#xF3;n de hoy en d&#xED;a, que desarrolla su actividad en una empresa, ya sea &#xE9;sta privada o p&#xFA;blica, cada vez m&#xE1;s necesita conocer los fun damentos tanto del marco econ&#xF3;mico general en el que se desarrolla su activi dad como de la actividad empresarial en particular, as&#xED; como su organizaci&#xF3;n y gesti&#xF3;n. Sectores como el de la construcci&#xF3;n, que tienen gran complejidad y son motor de la econom&#xED;a de nuestro pa&#xED;s, cuentan cada vez con m&#xE1;s frecuencia en nuestro tiempo con gerentes que son arquitectos t&#xE9;cnicos, desarrollando esa doble funci&#xF3;n, la de direcci&#xF3;n y control desde el punto de vista t&#xE9;cnico y la de direcci&#xF3;n y gesti&#xF3;n desde el punto de vista empresarial.
Esta obra contiene todos aquellos elementos de gesti&#xF3;n econ&#xF3;mica que, desde un punto de vista general ha de conocer el futuro Ingeniero de Edificaci&#xF3;n: la interpretaci&#xF3;n de los fen&#xF3;menos econ&#xF3;micos del entorno, as&#xED; como los elementos que afectan a la empresa, al empresario o al profesional aut&#xF3;nomo.</subfield>
  </datafield>
  <datafield tag="650" ind1="1" ind2="4">
    <subfield code="a">Estudios econ&#xF3;micos </subfield>
    <subfield code="9">37373</subfield>
  </datafield>
  <datafield tag="650" ind1="2" ind2="4">
    <subfield code="a">Estudios financieros </subfield>
    <subfield code="9">39525</subfield>
  </datafield>
  <datafield tag="650" ind1="2" ind2="4">
    <subfield code="a">La edificaci&#xF3;n y la econom&#xED;a.</subfield>
    <subfield code="9">39526</subfield>
  </datafield>
  <datafield tag="942" ind1=" " ind2=" ">
    <subfield code="2">ddc</subfield>
    <subfield code="c">BK</subfield>
  </datafield>
  <datafield tag="999" ind1=" " ind2=" ">
    <subfield code="c">12259</subfield>
    <subfield code="d">12259</subfield>
  </datafield>
  <datafield tag="952" ind1=" " ind2=" ">
    <subfield code="0">0</subfield>
    <subfield code="1">0</subfield>
    <subfield code="2">ddc</subfield>
    <subfield code="4">0</subfield>
    <subfield code="7">0</subfield>
    <subfield code="a">CPL</subfield>
    <subfield code="b">CPL</subfield>
    <subfield code="c">GEN</subfield>
    <subfield code="d">2018-04-15</subfield>
    <subfield code="e">Donaci&#xF3;n</subfield>
    <subfield code="o">658.15 / T874e</subfield>
    <subfield code="p">430000773</subfield>
    <subfield code="r">2024-05-16 00:00:00</subfield>
    <subfield code="t">Ej.1</subfield>
    <subfield code="w">2021-03-10</subfield>
    <subfield code="y">BK</subfield>
  </datafield>
</record>
